| 000 | 00534nam a2200193 a 4500 | ||
|---|---|---|---|
| 005 | 20210219153029.0 | ||
| 008 | 991125n 000 0 spa u | ||
| 035 | _aUPN01000073610 | ||
| 100 | _aCASTILLO, Isidro | ||
| 222 | _aCOMUNICACION EDUCATIVA | ||
| 245 | _aEducación de adultos y educación permanente : [alfabetización] | ||
| 300 | _a13 | ||
| 362 | _a1981 Año 2, no. 12 (oct.) | ||
| 653 | 0 | _aALFABETIZACION | |
| 653 | 0 | _aANALFABETISMO | |
| 653 | 0 | _aEDUCACION DE ADULTOS | |
| 904 |
_aAC _b011421 |
||
| 905 | _aArticulo | ||
| 999 |
_c66496 _d66496 |
||